|
|
|
|
| LEADER |
00000nam a22000007a 4500 |
| 005 |
20180407215449.0 |
| 007 |
cr|||| |||| |
| 008 |
180407s2017 es |||||s|||| 00||0 spa d |
| 020 |
|
|
|a 978-84-7351-600-6
|
| 035 |
|
|
|a 21340
|
| 040 |
|
|
|a vLex
|
| 090 |
|
|
|c 7693
|d 7693
|
| 100 |
1 |
|
|a Chico de la Cm̀ara, Pablo
|
| 245 |
1 |
0 |
|a Una propuesta para la introduccin̤ en nuestro sistema administrativo y tributario de...
|h [Recurso electrn̤ico] /
|c Pablo Chico de la Cm̀ara
|
| 256 |
|
|
|a Servicio en ln̕ea
|
| 260 |
|
|
|a Madrid:
|b Instituto Nacional de Administracin̤ Pb︢lica (INAP),
|c 2017
|
| 300 |
|
|
|a 1 recurso electrn̤ico
|
| 500 |
|
|
|a medidas alternativas de resolucin̤ de conflictos (ADR). En esta obra, el lector ver ̀analizadas con rigor acadm̌ico cuestiones de actualidad jurd̕ica y que siguen permanentemente abiertas. La situacin̤ actual de saturacin̤ de expedientes en las va̕s administrativa y jurisdiccional reclama soluciones prc̀ticas que, respetando todas las garanta̕s de un Estado de Derecho, permitan reducir en un tiempo g̀il la resolucin̤ de los distintos conflictos que se originan en las distintas parcelas del Derecho Pb︢lico. Bajo la denominacin̤ genřica de ADR –Alternative Dispute Resolution– se engloban una variedad de instrumentos jurd̕icos de autocomposicin̤, que se resuelven por las propias partes –conciliacin̤, mediacin̤–, as ̕como de heterocomposicin̤, resueltas por un tercero independiente –tal como sucede con el arbitraje- y que pueden, con todas las cautelas necesarias para garantizar la imparcialidad, penetrar en el mundo del Derecho Pb︢lico para una p̤tima resolucin̤ de los litigios entre las partes.
|
| 506 |
1 |
|
|a Disponible solo en los productos indicados
|d vLex Global
|d vLex Global (Academic Edition, excluding Law Schools)
|d vLex Global (U.S. Academic Edition, Law Schools)
|d vLex Global (U.S. Academic Edition, excluding Law Schools)
|d vLex Global (Academic Edition, Law Schools)
|
| 650 |
0 |
4 |
|a Derecho Pb︢lico y Administrativo
|z Espaą
|
| 740 |
0 |
|
|a vLex Libros (Servicio en ln̕ea)
|
| 856 |
4 |
0 |
|u http://vlex.com/source/una-propuesta-para-la-introduccion-en-nuestro-sistema-administrativo-y-tributario-de-21340
|z Acceso restringido
|
| 942 |
|
|
|c BOOK
|
| 999 |
0 |
|
|a Public and Administrative Law
|